[Event "SUI-ch HT2"]
[Site "Silvaplana"]
[Date "2003.??.??"]
[Round "7"]
[White "Wirz, Pascal"]
[Black "Tiefenauer, Sebastian"]
[Result "0-1"]
[WhiteElo "1729"]
[BlackElo "1697"]
[PlyCount "56"]
[EventDate "2003.07.10"]
[EventType "swiss"]
[EventRounds "7"]
[EventCountry "SUI"]
[SourceTitle "CBM 095 Extra"]
[Source "ChessBase"]
[SourceDate "2003.09.04"]
[SourceVersion "1"]
[SourceVersionDate "2003.09.04"]
[SourceQuality "1"]

1. d4 d5 2. Nf3 Nf6 3. c4 e6 4. Nc3 Nbd7 5. Bg5 c6 6. e3 Qa5 7. Bxf6 Nxf6 8. Bd3 Bb4 9. Qc2 dxc4 10. Bxc4 Nd5 11. Rc1 0-0 12. 0-0 Re8 13. Bd3 g6 14. e4 Nf4 15. Rfd1 Qh5 16. e5 Qg4 17. Bf1 Bxc3 18. bxc3 b6 19. Ne1 Bb7 20. g3 c5 21. Ng2 Bxg2 22. Bxg2 Ne2+ 23. Kf1 Nxc1 24. Bxa8 Nxa2 25. Bg2 Nxc3 26. f3 Nxd1 27. Qa4 Qxd4 28. Qxe8+ Kg7 0-1